000 01053nam a22003497a 4500
001 0000021
003 KOHA_MİRAKIL
005 20260207001156.0
007 ta
008 081212b2008 tu a|||gr||||#0|||0|tur |
020 _a9752971172
_c46,69
040 _aTR-BiSEU
_btur
_cTR-BiSEU
_erda
041 0 _atur
044 _ctu
050 _aTK5105.8885
_b.W45 2008
100 1 _aWelling, Luke.
245 1 _aPHP ve MySQL/
_cLuke Welling ; Luke Welling, Laura Thomson.
250 _a5. baskı
264 1 _aİstanbul :
_bAlfa Yayınları
_c2008
300 _a872 sayfa :
_bresimli; 27 cm. +
_e1 CD-ROM
336 _ametin
_btxt
_2rdacontent
337 _aaracısız
_bn
_2rdamedia
338 _acilt
_bnc
_2rdacarrier
650 0 _aWeb sites--Tasarım.
_91523
650 0 _aWeb sitesi geliştirme.
_91524
650 0 _aWeb siteleri--Yazılım programları.
_91525
650 0 _aWeb sites--Design.
_91526
650 0 _aWeb sites development.
_91527
650 0 _aWeb sites--Authoring programs.
_91528
907 _aBilgisayar
942 _2lcc
_cBK
999 _c22
_d22